| 000 | 00916naa a2200217 i 4500 | ||
|---|---|---|---|
| 001 | 18775 | ||
| 003 | ES-MaBCM | ||
| 005 | 20241016093920.0 | ||
| 008 | 920521s1992 esp 000 0 spa d | ||
| 021 | _axx | ||
| 035 | _a(OCoLC)1365249325 | ||
| 040 | _cES-MaBCM | ||
| 041 | 0 | _aspa | |
| 043 | _aesp | ||
| 100 | 1 |
_aRío Disdier, Juan Pablo del _939514 |
|
| 245 | 1 | 0 |
_aEconomía y medio ambiente _b: un debate que ya no tiene tiempo _cJuan Pablo del Río Disdier |
| 520 | _aEconomía y entorno desde la universidad. Medio ambiente y economía de mercado. Calidad de vida y nueva relación con la naturaleza. Escala global en mercados de propiedad. Un ejemplo de "business project". La empresa y el medio ambiente. | ||
| 650 | 2 | 7 |
_aProtección del medio ambiente _959954 |
| 773 | 0 |
_aEn: _tAnuario jurídico y económico escurialense _dSan Lorenzo de El Escorial : 1992 _w104859 _gnº 24 ; p. 515-546 |
|
| 942 | _cAREV | ||
| 999 |
_c18775 _d18775 |
||